| 000 | 00988nam a2200337 i 4500 | ||
|---|---|---|---|
| 001 | 200463356 | ||
| 003 | TR-AnTOB | ||
| 005 | 20251121120019.0 | ||
| 007 | ta | ||
| 008 | 250109t20222022tu b 000 0 tur d | ||
| 020 |
_a9786050512878 _q(paperback) |
||
| 035 | _a(TR-AnTOB)200463356 | ||
| 040 |
_aTR-AnTOB _beng _erda _cTR-AnTOB |
||
| 041 | 0 | _atur | |
| 050 | 4 |
_aKKX1629 _b.R894 2022 |
|
| 090 |
_aKKX1629 _b.R894 2022 |
||
| 100 | 1 |
_aRüzgaresen, Cumhur _eauthor _9139656 |
|
| 245 | 1 |
_aAvukatlık ve noterlik hukuku / _cProf. Dr. Cumhur Rüzgaresen. |
|
| 264 | 1 |
_aAnkara : _bYetkin Yayınları, _c2022. |
|
| 264 | 4 | _c©2022 | |
| 300 |
_axxxiv, 333 pages ; _c24 cm |
||
| 336 |
_atext _btxt _2rdacontent |
||
| 337 |
_aunmediated _bn _2rdamedia |
||
| 338 |
_avolume _bnc _2rdacarrier |
||
| 504 | _aBIB | ||
| 650 | 0 |
_aAvukatlık _zTürkiye _994998 |
|
| 650 | 0 |
_aHukukçular _zTürkiye _9120360 |
|
| 650 | 0 |
_aNoterler _zTürkiye _9117971 |
|
| 942 |
_2lcc _cBK |
||
| 999 |
_c200463356 _d81568 |
||